Derevʹi︠a︡na arkhitektura Ukraïny /

Saved in:
Bibliographic Details
Main Author: I︠U︡rchenko, P. H.
Format: Book
Language:Ukrainian
Published: Kyïv : Budivelʹnik, 1970.
Subjects:
Tags: Add Tag
No Tags, Be the first to tag this record!
LEADER 00695nam a2200229Ka 4500
001 005242531-2
005 20050319125702.0
008 860221s1970 un af b 000 0 ukrr
010 |a  70881619  
035 0 |a ocm13183060 
040 |a DLC  |c CFS  |d CFS  |d HFL 
043 |a e-ur-un 
050 0 |a NA1195.U4  |b I9 
100 1 |a I︠U︡rchenko, P. H.  |q (Petro Hryhorovych) 
245 1 0 |a Derevʹi︠a︡na arkhitektura Ukraïny /  |c P.G. I︠U︡rchenko. 
260 |a Kyïv :  |b Budivelʹnik,  |c 1970. 
300 |a 191 p., [12] leaves of col. plates :  |b ill. ;  |c 17 cm. 
504 |a Bibliography: p.186-[187]. 
650 0 |a Building, Wooden. 
650 0 |a Architecture  |z Ukraine. 
988 |a 20020608 
906 |0 DLC